000 00460nam a2200169 i 4500
001 78620
003 ES-MaACL
005 20230906173751.0
007 t|
008 041015s1956 sp ||||1| spa d
100 1 _aHebrero, Angel.
_962267
245 1 0 _aAlgo sobre el niño /
_cAngel Hebrero.
250 _a1ª ed.
260 _aMadrid :
_b[s.n.,
_c1956] (
_fS. Aguirre Torre)
300 _a504 p., 35 lám. ;
_c22 cm.
852 _aES-MaACL
_jC-10306
_bR.38504
999 _c78620
_d78620